000 00894cam a22001934a 4500
005 20250605164034.0
008 250528s ||||||||||||||||||||||||d
035 _a16750
020 _a9601400753
040 _aGR-AtMCL
_bgre
_dGR-AtMCL
_eAACR2
245 1 _aΜία Ζωή Χωρίς Εσένα
260 _bΝέα Σύνορα - Εκδοτικός Οργανισμός Λιβάνη,
_c1999
300 _a312
520 _aΜία μόλις ώρα πριν από την εκδίκαση του διαζυγίου τους, ο Στέφαν, καθηγητής Χειρουργικής, και η Άνι, δημοσιογράφος εφημερίδας της Σόφιας, οδηγούνται - χωριστά ο καθένας - σ'ένα νοερό διάλογο με τον άλλο.
700 1 _aΤοπαλόβ Κύριλ
_92840
942 _cBK
999 _c2219
_d2219